[Event "Tashkent UzChess Masters 2nd"]
[Site "Tashkent"]
[Date "2025.06.20"]
[Round "2"]
[White "Erigaisi, Arjun Kumar"]
[Black "Maghsoodloo, Parham"]
[Result "1/2-1/2"]
[WhiteElo "2782"]
[BlackElo "2691"]
[PlyCount "69"]
[EventDate "2025.06.18"]
[EventType "tourn"]
[EventRounds "9"]
[EventCountry "UZB"]
[EventCategory "19"]
[SourceTitle "CB27_2025"]
[SourceDate "2025.07.02"]
[SourceVersion "1"]
[SourceVersionDate "2025.07.02"]
[SourceQuality "1"]

1. e4 c5 2. Nf3 e6 3. d4 cxd4 4. Nxd4 Nc6 5. Nc3 Qc7 6. Be3 a6 7. a3 b5 8. Nxc6 Qxc6 9. h4 Nf6 10. h5 h6 11. e5 Ne4 12. Bd4 Nxc3 13. Bxc3 Qe4+ 14. Qe2 Bb7 15. Qxe4 Bxe4 16. 0-0-0 Be7 17. Rd4 Bc6 18. Rh3 0-0 19. Bb4 Bxb4 20. axb4 f6 21. exf6 Rxf6 22. f3 e5 23. Rg4 e4 24. Rhg3 g5 25. hxg6 exf3 26. gxf3 Rxf3 27. Rg1 Kg7 28. Bd3 Re8 29. Kd2 Rf6 30. Rd4 Re7 31. b3 Rf2+ 32. Kc3 Rf6 33. Kd2 Rf2+ 34. Kc3 Rf6 35. Kd2 1/2-1/2

[Event "Tashkent UzChess Masters 2nd"]
[Site "Tashkent"]
[Date "2025.06.18"]
[Round "6"]
[White "Maghsoodloo, Parham"]
[Black "Nepomniachtchi, Ian"]
[Result "1/2-1/2"]
[WhiteElo "2691"]
[BlackElo "2757"]
[PlyCount "77"]
[EventDate "2025.06.18"]
[EventType "tourn"]
[EventRounds "9"]
[EventCountry "UZB"]
[EventCategory "19"]
[SourceTitle "CB27_2025"]
[SourceDate "2025.07.02"]
[SourceVersion "1"]
[SourceVersionDate "2025.07.02"]
[SourceQuality "1"]

1. d4 Nf6 2. c4 e6 3. Nc3 Bb4 4. e3 0-0 5. Bd3 d5 6. cxd5 exd5 7. a3 Bd6 8. Qc2 Na6 9. Nge2 c5 10. f3 Re8 11. 0-0 Nc7 12. Bd2 c4 13. Bf5 Bxf5 14. Qxf5 b5 15. e4 Qd7 16. Qxd7 Nxd7 17. Bf4 Bxf4 18. Nxf4 Nb6 19. exd5 Red8 20. Rfe1 a6 21. Re5 f6 22. Rf5 Rd7 23. d6 Rxd6 24. Rc5 Ne8 25. a4 b4 26. Ne4 Rxd4 27. Ne6 Rd5 28. Rc6 Nd7 29. Rxc4 a5 30. Nf4 Rf5 31. Nd3 Rd5 32. Nf4 Rf5 33. Rd4 Nb6 34. Ng3 Rc5 35. b3 Rac8 36. Ne4 Rf5 37. Ng3 Rfc5 38. Ne4 Rf5 39. Ng3 1/2-1/2

[Event "AUT-chT Rapid"]
[Site "Pasching"]
[Date "2025.06.01"]
[Round "7.5"]
[White "Maghsoodloo, Parham"]
[Black "Shimanov, Aleksandr"]
[Result "1-0"]
[WhiteElo "2706"]
[BlackElo "2578"]
[PlyCount "111"]
[EventDate "2025.06.01"]
[EventType "team-swiss (rapid)"]
[EventRounds "9"]
[EventCountry "AUT"]
[SourceTitle "CB23_2025"]
[SourceDate "2025.06.04"]
[SourceVersion "1"]
[SourceVersionDate "2025.06.04"]
[SourceQuality "1"]
[WhiteTeam "Linz ASV"]
[BlackTeam "Linz ASV II"]
[WhiteTeamCountry "AUT"]
[BlackTeamCountry "AUT"]

1. c4 e6 2. Nc3 d5 3. cxd5 exd5 4. d4 c6 5. Bf4 Bd6 6. Bxd6 Qxd6 7. e3 Ne7 8. Qb3 Qc7 9. Rc1 Qb6 10. Qa3 Bf5 11. Na4 Qc7 12. Nf3 0-0 13. Be2 Be4 14. Nc5 Bxf3 15. gxf3 Nf5 16. h4 Nd7 17. Nd3 Rfe8 18. h5 Nb6 19. Ne5 f6 20. Ng4 h6 21. Qd3 Qd7 22. Bf1 Nc4 23. Bh3 Ncd6 24. Nh2 Re6 25. Nf1 Rae8 26. Kd1 Ne7 27. Bxe6+ Qxe6 28. Ng3 Nec8 29. b3 Ne7 30. Ne2 a5 31. a4 Rb8 32. Nf4 Qf7 33. Qc3 b6 34. Rg1 Rc8 35. Ke2 Nef5 36. Qd3 Qd7 37. Rg4 Re8 38. Kf1 Nf7 39. Qc2 Rc8 40. Ng6 Rc7 41. Qd3 Ng5 42. Kg2 Nd6 43. Qa6 Nc8 44. Rg3 Ra7 45. Qd3 Rc7 46. Nh4 Nd6 47. Rc3 Rc8 48. Qg6 Kh8 49. Rc1 Rf8 50. Kh2 Rf7 51. Rcg1 Qc7 52. f4 Nge4 53. R3g2 Qd7 54. f3 Nc3 55. Qd3 Qe8 56. Qxc3 1-0

[Event "AUT-chT Rapid"]
[Site "Pasching"]
[Date "2025.06.01"]
[Round "8.1"]
[White "Santos Latasa, Jaime"]
[Black "Maghsoodloo, Parham"]
[Result "1-0"]
[WhiteElo "2620"]
[BlackElo "2706"]
[PlyCount "93"]
[EventDate "2025.06.01"]
[EventType "team-swiss (rapid)"]
[EventRounds "9"]
[EventCountry "AUT"]
[SourceTitle "CB23_2025"]
[SourceDate "2025.06.04"]
[SourceVersion "1"]
[SourceVersionDate "2025.06.04"]
[SourceQuality "1"]
[WhiteTeam "JEEG"]
[BlackTeam "Linz ASV"]
[WhiteTeamCountry "ESP"]
[BlackTeamCountry "AUT"]

1. Nf3 d5 2. g3 Nd7 3. d4 Ngf6 4. Bg2 e6 5. c4 Bb4+ 6. Bd2 Be7 7. Qc2 0-0 8. 0-0 c6 9. Bf4 a5 10. Rd1 h6 11. Nc3 dxc4 12. Nd2 Nb6 13. e4 a4 14. a3 Bd7 15. Nf3 Qc8 16. Ne5 Be8 17. Qe2 Nfd7 18. Nxc4 Nxc4 19. Qxc4 Ra5 20. Be3 b5 21. Qe2 Nb6 22. e5 Nc4 23. Ne4 f5 24. exf6 Bxf6 25. Nxf6+ Rxf6 26. Bf4 Bg6 27. Rac1 Qe8 28. Re1 Ra7 29. Be5 Rf8 30. Rxc4 bxc4 31. Qxc4 Qf7 32. f4 Rb7 33. Bd6 Rd8 34. Bb4 Rbd7 35. Bc3 Rd6 36. Qxa4 c5 37. dxc5 Rd3 38. c6 h5 39. Qa5 h4 40. gxh4 Bf5 41. Qe5 Kh7 42. h5 Rg8 43. Re3 Rd1+ 44. Kf2 g5 45. hxg6+ Qxg6 46. Rg3 Qh6 47. Qc7+ 1-0

[Event "AUT-chT Blitz"]
[Site "Pasching"]
[Date "2025.05.31"]
[Round "2.1"]
[White "Diermair, Andreas"]
[Black "Maghsoodloo, Parham"]
[Result "0-1"]
[WhiteElo "2451"]
[BlackElo "2706"]
[PlyCount "62"]
[EventDate "2025.05.31"]
[EventType "team-swiss (blitz)"]
[EventRounds "13"]
[EventCountry "AUT"]
[SourceTitle "CB23_2025"]
[SourceDate "2025.06.04"]
[SourceVersion "1"]
[SourceVersionDate "2025.06.04"]
[SourceQuality "1"]
[WhiteTeam "Neuhofen Union"]
[BlackTeam "Linz ASV"]
[WhiteTeamCountry "AUT"]
[BlackTeamCountry "AUT"]

1. d4 Nf6 2. Nf3 d5 3. g3 c5 4. Bg2 e6 5. 0-0 h6 6. c4 Nc6 7. Nc3 a6 8. cxd5 exd5 9. Bf4 Be6 10. Rc1 c4 11. Ne5 Bd6 12. e4 Bxe5 13. dxe5 Nxe4 14. Nxe4 dxe4 15. Bxe4 0-0 16. Bxc6 bxc6 17. Qxd8 Rfxd8 18. Rfd1 Rd3 19. Rxd3 cxd3 20. Rxc6 Bxa2 21. Rd6 Bc4 22. b3 Bb5 23. e6 fxe6 24. Rxe6 Rc8 25. Kg2 Rc2 26. Rd6 Rb2 27. h4 Rxb3 28. h5 a5 29. Be5 a4 30. Rg6 d2 31. Rd6 Rd3 0-1

[Event "AUT-chT Blitz"]
[Site "Pasching"]
[Date "2025.05.31"]
[Round "7.5"]
[White "Lagno, Kateryna"]
[Black "Maghsoodloo, Parham"]
[Result "0-1"]
[WhiteElo "2516"]
[BlackElo "2706"]
[PlyCount "46"]
[EventDate "2025.05.31"]
[EventType "team-swiss (blitz)"]
[EventRounds "13"]
[EventCountry "AUT"]
[SourceTitle "CB23_2025"]
[SourceDate "2025.06.04"]
[SourceVersion "1"]
[SourceVersionDate "2025.06.04"]
[SourceQuality "1"]
[WhiteTeam "Linz Victoria"]
[BlackTeam "Linz ASV"]
[WhiteTeamCountry "AUT"]
[BlackTeamCountry "AUT"]

1. e4 c5 2. Nf3 e6 3. d4 cxd4 4. Nxd4 a6 5. Nc3 Qc7 6. Be2 Nf6 7. a3 Bc5 8. Be3 d6 9. Qd2 0-0 10. Nb3 Bxe3 11. Qxe3 b5 12. Rd1 Bb7 13. 0-0 Rd8 14. f4 Nbd7 15. Bf3 Rac8 16. Rf2 e5 17. g3 Nb6 18. Na5 Ba8 19. Rfd2 h6 20. Rd3 Rd7 21. Bg2 Re8 22. h3 Na4 23. Nb3 Nxb2 0-1

[Event "AUT-chT Blitz"]
[Site "Pasching"]
[Date "2025.05.31"]
[Round "5.1"]
[White "Maghsoodloo, Parham"]
[Black "Santos Latasa, Jaime"]
[Result "1-0"]
[WhiteElo "2706"]
[BlackElo "2620"]
[PlyCount "97"]
[EventDate "2025.05.31"]
[EventType "team-swiss (blitz)"]
[EventRounds "13"]
[EventCountry "AUT"]
[SourceTitle "CB23_2025"]
[SourceDate "2025.06.04"]
[SourceVersion "1"]
[SourceVersionDate "2025.06.04"]
[SourceQuality "1"]
[WhiteTeam "Linz ASV"]
[BlackTeam "JEEG"]
[WhiteTeamCountry "AUT"]
[BlackTeamCountry "ESP"]

1. c4 c5 2. Nf3 Nf6 3. Nc3 Nc6 4. d4 cxd4 5. Nxd4 e6 6. g3 Qb6 7. Nb3 Ne5 8. e4 Bb4 9. Qe2 d6 10. Bd2 a5 11. f4 Nc6 12. 0-0-0 a4 13. Na1 e5 14. Qd3 Be6 15. f5 Bd7 16. Nc2 Bc5 17. Be2 Nb4 18. Nxb4 Bxb4 19. g4 Bc6 20. Bf3 Nd7 21. g5 Rc8 22. Kb1 Bc5 23. Ne2 Qa6 24. f6 gxf6 25. Ng3 b5 26. Nf5 bxc4 27. Qe2 a3 28. Bc3 Ba4 29. Rd5 axb2 30. Qd2 Ra8 31. Rxd6 Bc2+ 32. Kxc2 Qa4+ 33. Kxb2 Qxa2+ 34. Kc1 Ba3+ 35. Kd1 Qb3+ 36. Ke2 Bxd6 37. Qxd6 Ra2+ 38. Kf1 Qb1+ 39. Be1 Qd3+ 40. Qxd3 cxd3 41. Rg1 d2 42. Bh4 fxg5 43. Bxg5 Rg8 44. Nd6+ Kf8 45. Bh6+ Ke7 46. Nf5+ Kf6 47. Rxg8 Ra1+ 48. Kf2 Nc5 49. Bxd2 1-0

[Event "PlusCity Grand Prix Rapid"]
[Site "Pasching"]
[Date "2025.05.30"]
[Round "2"]
[White "Ganaus, Hannes"]
[Black "Maghsoodloo, Parham"]
[Result "0-1"]
[WhiteElo "2246"]
[BlackElo "2706"]
[PlyCount "42"]
[EventDate "2025.05.30"]
[EventType "swiss (rapid)"]
[EventRounds "9"]
[EventCountry "AUT"]
[SourceTitle "CB23_2025"]
[SourceDate "2025.06.04"]
[SourceVersion "1"]
[SourceVersionDate "2025.06.04"]
[SourceQuality "1"]

1. d4 Nf6 2. c4 e6 3. Nc3 Bb4 4. e3 0-0 5. Bd3 d5 6. Nf3 Re8 7. 0-0 b6 8. a3 Bxc3 9. bxc3 dxc4 10. Bxc4 c5 11. a4 Ba6 12. Bxa6 Nxa6 13. a5 b5 14. Qe2 c4 15. e4 h6 16. Ne5 Rc8 17. Bf4 Nb8 18. a6 b4 19. Nxc4 Nxe4 20. cxb4 Qxd4 21. Na5 Nc3 0-1

[Event "PlusCity Grand Prix Rapid"]
[Site "Pasching"]
[Date "2025.05.30"]
[Round "1"]
[White "Maghsoodloo, Parham"]
[Black "Modric, Milos"]
[Result "1-0"]
[WhiteElo "2706"]
[BlackElo "2141"]
[PlyCount "63"]
[EventDate "2025.05.30"]
[EventType "swiss (rapid)"]
[EventRounds "9"]
[EventCountry "AUT"]
[SourceTitle "CB23_2025"]
[SourceDate "2025.06.04"]
[SourceVersion "1"]
[SourceVersionDate "2025.06.04"]
[SourceQuality "1"]

1. d4 d5 2. c4 e6 3. Nc3 Nf6 4. Nf3 Be7 5. cxd5 exd5 6. Bf4 c6 7. e3 0-0 8. h3 Re8 9. Bd3 Nbd7 10. 0-0 Nf8 11. Qc2 Ng6 12. Bg5 Ne4 13. Bxe7 Qxe7 14. Rae1 Nxc3 15. bxc3 Qd6 16. c4 dxc4 17. Bxc4 Be6 18. Rb1 Bxc4 19. Qxc4 Rab8 20. a4 Qe6 21. Qc5 b6 22. Qc2 Qd5 23. Rfc1 Rbc8 24. Rb4 Re7 25. Rc4 Re6 26. Qb1 h6 27. R1c3 f5 28. Qb3 Qd7 29. d5 Re4 30. Rxc6 Rxc6 31. dxc6+ Qf7 32. c7 1-0

[Event "PlusCity Grand Prix Blitz"]
[Site "Pasching"]
[Date "2025.05.29"]
[Round "1"]
[White "Maghsoodloo, Parham"]
[Black "McAdam, Mark"]
[Result "1-0"]
[WhiteElo "2706"]
[BlackElo "2008"]
[PlyCount "69"]
[EventDate "2025.05.29"]
[EventType "swiss (blitz)"]
[EventRounds "13"]
[EventCountry "AUT"]
[SourceTitle "CB23_2025"]
[SourceDate "2025.06.04"]
[SourceVersion "1"]
[SourceVersionDate "2025.06.04"]
[SourceQuality "1"]

1. d4 Nf6 2. c4 e6 3. Nc3 Bb4 4. e3 0-0 5. Nge2 c5 6. d5 exd5 7. cxd5 d6 8. a3 Bxc3+ 9. Nxc3 Re8 10. f3 a6 11. a4 Nbd7 12. Be2 Ne5 13. e4 h6 14. 0-0 Rb8 15. Be3 Bd7 16. Rb1 b5 17. axb5 axb5 18. b4 c4 19. Bd4 Qc7 20. Qd2 Ra8 21. f4 Neg4 22. Bxg4 Nxg4 23. h3 Nf6 24. Rbe1 Nh7 25. e5 Ra3 26. Rf3 dxe5 27. fxe5 Ng5 28. Rg3 Bf5 29. h4 Nh7 30. Nxb5 Qd7 31. Rxg7+ Kf8 32. Qxh6 Qxb5 33. Bc5+ Re7 34. Bxe7+ Kxe7 35. Qd6+ 1-0

[Event "Sharjah Masters-A 8th"]
[Site "Sharjah"]
[Date "2025.05.22"]
[Round "6"]
[White "Maghsoodloo, Parham"]
[Black "Giri, Anish"]
[Result "0-1"]
[WhiteElo "2706"]
[BlackElo "2738"]
[PlyCount "70"]
[EventDate "2025.05.17"]
[EventType "swiss"]
[EventRounds "9"]
[EventCountry "UAE"]
[SourceTitle "CB22_2025"]
[SourceDate "2025.05.28"]
[SourceVersion "1"]
[SourceVersionDate "2025.05.28"]
[SourceQuality "1"]

1. d4 d5 2. c4 c6 3. Nf3 Nf6 4. e3 e6 5. Nbd2 Be7 6. Bd3 0-0 7. 0-0 Nbd7 8. Qc2 h6 9. Rd1 c5 10. dxc5 Nxc5 11. Be2 b6 12. a3 Bb7 13. b4 Ncd7 14. cxd5 Nxd5 15. Bb2 Rc8 16. Qb3 Qc7 17. Bb5 N5f6 18. Rac1 Qb8 19. Qa4 Rxc1 20. Rxc1 Rd8 21. h3 a5 22. bxa5 Nc5 23. Rxc5 bxc5 24. a6 Ba8 25. Nc4 Nd5 26. Nfe5 Nb6 27. Nxb6 Qxb6 28. Nc4 Qa7 29. Bc3 Bf6 30. Ba5 Rb8 31. Nd6 Be5 32. Nc4 Qxa6 33. Nb6 Qa7 34. Bd3 Bc7 35. Nc4 Bd5 0-1

[Event "Chess.com Classic Play In"]
[Site "Chess.com INT"]
[Date "2025.05.19"]
[Round "2"]
[White "Maghsoodloo, Parham"]
[Black "Aravindh, Chithambaram VR"]
[Result "0-1"]
[WhiteElo "2706"]
[BlackElo "2749"]
[PlyCount "198"]
[EventDate "2025.05.19"]
[EventType "swiss (blitz)"]
[EventRounds "9"]
[EventCountry "USA"]
[SourceTitle "CB21_2025"]
[SourceDate "2025.05.21"]
[SourceVersion "1"]
[SourceVersionDate "2025.05.21"]
[SourceQuality "1"]

1. d4 Nf6 2. c4 e6 3. Nc3 Bb4 4. e3 0-0 5. Nge2 d5 6. a3 Be7 7. cxd5 Nxd5 8. e4 Nxc3 9. Nxc3 c5 10. d5 exd5 11. exd5 Bf5 12. Bd3 Qd7 13. 0-0 Bf6 14. Bb5 Qd8 15. Qf3 Bg6 16. Bf4 Nd7 17. Rfe1 a6 18. Bd3 b5 19. Bxg6 hxg6 20. d6 Nb6 21. Rad1 Ra7 22. Ne4 Nd7 23. Be3 Bxb2 24. Nxc5 Nxc5 25. Bxc5 Rd7 26. Qc6 Qc8 27. Qd5 Bf6 28. g4 a5 29. g5 Bc3 30. Re7 b4 31. axb4 Bxb4 32. Bxb4 axb4 33. Rd4 Rxe7 34. dxe7 Re8 35. Re4 b3 36. Qxb3 Qc1+ 37. Kg2 Qxg5+ 38. Qg3 Qxg3+ 39. Kxg3 f6 40. h4 Kf7 41. f3 Rxe7 42. Ra4 Rb7 43. Ra6 Kg8 44. Rc6 Kh7 45. Ra6 Rb4 46. Ra5 Rb6 47. Rc5 Re6 48. Ra5 Rd6 49. Rb5 Kg8 50. Ra5 Re6 51. Ra7 Re5 52. Rb7 Kh7 53. Ra7 Kh6 54. Rb7 g5 55. hxg5+ Rxg5+ 56. Kf2 Kg6 57. Rb6 Rf5 58. Rb7 Re5 59. Kg3 Rg5+ 60. Kf2 Kh5 61. Ra7 Kh6 62. Rb7 Rc5 63. Ra7 g5 64. Kg3 Kg6 65. Ra6 Rc3 66. Rb6 Rc4 67. Ra6 Rc5 68. Rb6 Kf5 69. Ra6 Rb5 70. Rc6 Re5 71. Ra6 Re3 72. Ra5+ Kg6 73. Ra6 Kf7 74. Rb6 f5 75. Kf2 Re6 76. Rb5 Kf6 77. Kg3 Re5 78. Rb6+ Re6 79. Rb5 Re3 80. Rb6+ Kf7 81. Rb5 Kg6 82. Rb6+ Kh5 83. Rb5 f4+ 84. Kf2 Ra3 85. Rb8 Ra2+ 86. Ke1 Kh4 87. Rg8 Kg3 88. Rxg5+ Kxf3 89. Rg8 Ra1+ 90. Kd2 Kf2 91. Rg7 f3 92. Rg8 Kf1 93. Rg7 f2 94. Rg8 Ra7 95. Rh8 Rd7+ 96. Ke3 Ke1 97. Ra8 f1Q 98. Ra1+ Rd1 99. Rxd1+ Kxd1 0-1